| 000 | 00542nam a22001937a 4500 | ||
|---|---|---|---|
| 999 |
_c8605 _d8605 |
||
| 003 | AR-CdUCM | ||
| 008 | 190325b ||||| |||| 00| 0 spa d | ||
| 020 | _a978-612-00-1146-1 | ||
| 040 |
_aMUNICIPALIDAD PROVINCIAL DEL CUSCO _cBIBLIOTECA MUNICIPAL DEL CUSCO |
||
| 082 |
_a869.57 / _bZ33 |
||
| 100 |
_aZander, Alec _924084 |
||
| 245 | _aEl arpa de Fabi / | ||
| 260 |
_aChiclayo, _bSerelin, _c2013. |
||
| 300 |
_a102 páginas ; _c21 cm. |
||
| 650 |
_aLiteratura peruana _9169 |
||
| 650 |
_aSiglo XX _98 |
||
| 942 |
_2ddc _cLIBROS |
||
| 945 | _aafb | ||